| 000 | 00688nam a22002417a 4500 | ||
|---|---|---|---|
| 005 | 20170124110000.0 | ||
| 010 | _aA-896360 | ||
| 020 |
_c00.00 _a817018856 |
||
| 035 | _aA-896360 | ||
| 037 | _bCen Lib/Ret | ||
| 040 |
_aDPL _bEN |
||
| 082 |
_a362.5 _bARO |
||
| 100 |
_aArokiasamy P. _915628 |
||
| 245 |
_aPoverty, nutrition and fertility / _cby Dev Raj Choudhary _bmicro study / |
||
| 246 | _b | ||
| 260 |
_bB.R. publishing corporation _a Delhi _c1997 |
||
| 270 |
_b Delhi _aNear bharat nagar _e110052 |
||
| 300 |
_a322p. _c20cm(Hb) |
||
| 500 | _aIncludes index | ||
| 650 |
_aPoverty _915629 |
||
| 650 |
_aFertility _915630 |
||
| 942 |
_2ddc _cEN _h362.5 _mARO |
||
| 999 |
_c125828 _d125828 |
||